Azul oscuro casi negro = Dark Blue Almost Black /

Đã lưu trong:
Chi tiết về thư mục
Tác giả chính: Sánchez Arévalo, Daniel (realización)
Tác giả khác: Sánchez Arévalo, Daniel (guión) (guión), Gómez, Juan Carlos (fotógrafo) (fotógrafo), Bonmatí, Nereida (vestuario) (vestuario), Ruiz Capillas, Nacho (montaje) (montaje), Gaigne, Pascal (música) (música), Gutiérrez, Quim (actuación) (actuación), Etura, Marta (actuación) (actuación), Torre, Antonio de la (actuación) (actuación)
Định dạng: Slide
Ngôn ngữ:Tiếng Tây Ban Nha
Những chủ đề:
Các nhãn: Thêm thẻ
Không có thẻ, Là người đầu tiên thẻ bản ghi này!

MARC

LEADER 00000ngm^a2200000^a^4500
001 000416847
005 20250521000000.0
009 20260526144152.768
037 |a Acervo ITESO - Biblioteca 
041 |a ESP 
082 |a Es 860.  |b SAN 
100 |a Sánchez Arévalo, Daniel  |e (realización) 
240 1 1 |a [Azul oscuro casi negro] 
245 1 0 |a Azul oscuro casi negro =  |b Dark Blue Almost Black /  |c Realización de D. Sánchez Arévalo. 
246 2 |a Título en la cubierta: Dark Blue Almost Black 
246 2 |a Título en la pantalla: Azul oscuro casi negro 
264 2 |a Los Angeles, EUA :  |b Strand Releasing [distribución],  |c 2007, c2007 
300 |a 1 DVD sin dato de región (105 min.) :  |b color 
336 |a imagen móvil bidimensional  |b tdi  |2 rdacontenido 
337 |a video  |b v  |2 rdamedio 
338 |a videodisco  |b vd  |2 rdasoporte 
546 |a En español, con subtítulos opcionales: inglés 
586 |a Festival Internacional de Cine "Noches Negras" de Tallín (10°: 2006): Premio a la Mejor Película (Gran Premio) 
586 |a Premio Goya, de la Academia Española de Cine (21º: 2007): Mejor Dirección Novel (ganador: Daniel Sánchez Arévalo) 
649 |a XX 
650 |a Personal de Servicio en el Cine 
650 |a Presos en el Cine 
650 |a Dramas Cinematográficos 
650 |a Opera Prima 
650 |a Cine Gay y Lésbico -  |z España 
650 |a Cine Español -  |y 2000-2009 
650 |a Cine Español -  |y Siglo XXI 
650 |a Relaciones entre Hermanos 
650 |a Homosexualidad 
650 |a Secretos Personales 
650 |a Destino y Fatalismo 
650 |a Cárceles y Centros de Readaptación Social en el Cine 
700 |a Sánchez Arévalo, Daniel  |e (guión) 
700 |a Gómez, Juan Carlos  |e (fotógrafo) 
700 |a Bonmatí, Nereida  |e (vestuario) 
700 |a Ruiz Capillas, Nacho  |e (montaje) 
700 |a Gaigne, Pascal  |e (música) 
700 |a Gutiérrez, Quim  |e (actuación) 
700 |a Etura, Marta  |e (actuación) 
700 |a Torre, Antonio de la  |e (actuación) 
910 |a Fondo General 
920 |a Audiovisuales - DVDs 
940 |a Películas 
905 |a 302 
901 |a 0500318184  |b IT2  |c DVS  |i C170570  |u 20250521 
902 |a https://opac.biblio.iteso.mx/vufind/Record/000416847